00813nam a2200253 a 4500001001300000003000900013005001700022008004100039020002500080082001700105100002400122245006800146260005700214300000900271500003500280505001000315650003200325650003000357700002400387902000800411942000700419952011800426999001500544nice12345678IN_TiNIC20260116013047.0050524s1991 nota grp 000 0 eng  a0268848 c416.500a230.014bCUN aCunningham, David S aFaithful Persuasion, in Aid of a Rhetoric of Christian Theology aNotre Dame inbUniversity of Notre Dame Press c1991 a312p aincludes index and biblioraphy2 aIndex aTheology-Rhetoric-religions aRhetoric-Religious Aspect1 aCunningham, David S bSRS cBK 001040708StackRoom-aHMIbHMId2007-06-13g416.50l0o230.014 CUNp015103r2007-06-13v416.50w2005-05-24yBK c9481d9481